[Event "PRO League Group Stage"]
[Site "chess.com INT"]
[Date "2018.02.03"]
[Round "4"]
[White "Ashwin, Jayaram"]
[Black "Khachiyan, Melikset"]
[Result "1/2-1/2"]
[WhiteTitle "GM"]
[BlackTitle "GM"]
[WhiteElo "2486"]
[BlackElo "2522"]
[WhiteTeam "Webster Windmills"]
[BlackTeam "Las Vegas Desert Rats"]
[WhiteFideId "5018137"]
[BlackFideId "13300512"]
[EventDate "2018.01.18"]

1. Nf3 Nf6 2. d4 d5 3. Bf4 e6 4. e3 Bd6 5. Nbd2 O-O 6. c3 c5 7. Bg3 Nc6 8. Bb5
Be7 9. h3 Qb6 10. a4 a6 11. Bxc6 bxc6 12. Qc2 a5 13. O-O Ba6 14. Rfe1 cxd4 15.
exd4 c5 16. dxc5 Bxc5 17. Nb3 Be7 18. Nbd4 Ne4 19. Bf4 f6 20. Be3 Bc5 21. Nd2 e5
22. Nxe4 dxe4 23. Qb3+ Qxb3 24. Nxb3 Bxe3 25. Rxe3 Rfb8 26. Nxa5 Rxb2 27. Rxe4
Bd3 28. Rb4 Rc2 29. Nc6 Rxc3 30. Ne7+ Kf8 31. Nd5 Rc5 32. Nb6 Ra7 33. Rd1 e4 34.
Rd4 Kf7 35. f3 f5 36. g4 g6 37. gxf5 gxf5 38. fxe4 Bxe4 39. Nc4 Kf6 40. Nd6 Rg7+
41. Kf1 Ke5 42. Nxe4 fxe4 43. Rb4 Kf4 44. Re1 Re7 45. Re2 Rc3 46. Rf2+ Kg3 47.
Rf6 Rf3+ 48. Rxf3+ Kxf3 49. Rb3+ e3 50. Rb6 Rc7 51. Rf6+ Ke4 52. a5 Rc1+ 53. Ke2
Rc2+ 54. Ke1 Ra2 55. a6 h5 56. h4 Ra1+ 57. Ke2 Ra2+ 58. Ke1 Ra1+ 59. Ke2 Ra2+
60. Ke1 Ra1+ 61. Ke2 1/2-1/2

[Event "PRO League Group Stage"]
[Site "chess.com INT"]
[Date "2018.02.03"]
[Round "4"]
[White "Ashwin, Jayaram"]
[Black "Harmon-Vellotti, Luke"]
[Result "1-0"]
[WhiteTitle "GM"]
[BlackTitle "IM"]
[WhiteElo "2486"]
[BlackElo "2468"]
[WhiteTeam "Webster Windmills"]
[BlackTeam "Dallas Destiny"]
[WhiteFideId "5018137"]
[BlackFideId "2030012"]
[EventDate "2018.01.18"]

1. Nf3 Nf6 2. g3 b5 3. Bg2 Bb7 4. O-O e6 5. d3 Be7 6. e4 d6 7. Nd4 a6 8. Re1 O-O
9. a4 b4 10. e5 Bxg2 11. exf6 Bxf6 12. Nxe6 fxe6 13. Kxg2 Qd7 14. Qg4 Nc6 15. c3
Ne5 16. Qe4 c5 17. Bf4 Rae8 18. Nd2 Nc6 19. Qc4 Qb7 20. Ne4 Na5 21. Qa2 b3 22.
Qb1 Be7 23. Kg1 Qc6 24. Qd1 c4 25. d4 d5 26. Ng5 Bxg5 27. Bxg5 Rf5 28. Qg4 Qd7
29. Re2 Nb7 30. Bf4 Nd8 31. Rae1 Rf6 32. Bg5 Rg6 33. h4 Nf7 34. f4 h6 35. Qh5
Kh7 36. f5 exf5 37. Rxe8 Qd6 38. Bf4 1-0

[Event "PRO League Group Stage"]
[Site "chess.com INT"]
[Date "2018.02.03"]
[Round "4"]
[White "Ashwin, Jayaram"]
[Black "Izoria, Zviad"]
[Result "1-0"]
[WhiteTitle "GM"]
[BlackTitle "GM"]
[WhiteElo "2486"]
[BlackElo "2599"]
[WhiteTeam "Webster Windmills"]
[BlackTeam "San Jose Hackers"]
[WhiteFideId "5018137"]
[BlackFideId "13601733"]
[EventDate "2018.01.18"]

1. Nf3 g6 2. e4 d6 3. d4 Nf6 4. Nc3 Bg7 5. Be2 O-O 6. O-O Nc6 7. d5 Nb8 8. Bf4
e5 9. dxe6 Bxe6 10. Nd4 Bd7 11. Qd2 Nc6 12. Nb3 Re8 13. f3 a5 14. a4 Be6 15. Nb5
Nd7 16. Bg5 Qc8 17. N3d4 Nxd4 18. Nxd4 Ne5 19. Rfd1 Nc6 20. c3 Nxd4 21. cxd4 f5
22. exf5 Bxf5 23. Bc4+ Be6 24. Rac1 d5 25. Ba2 c6 26. Bf4 Bf7 27. Re1 Qd8 28.
Be5 Bxe5 29. dxe5 Qb6+ 30. Kh1 Qb4 31. Qxb4 axb4 32. Bb3 c5 33. Rxc5 Rac8 34.
Rxc8 Rxc8 35. h3 Kf8 36. e6 Be8 37. e7+ Kg7 38. Bxd5 Bxa4 39. Bxb7 Rc7 40. Bd5
Be8 41. Re4 Rd7 42. Bc4 Rc7 43. b3 Ra7 44. Re6 h5 45. Rb6 Rxe7 46. Rxb4 Re1+ 47.
Kh2 h4 48. Bb5 Bxb5 49. Rxb5 Kf6 50. Rb4 g5 51. f4 Rb1 52. fxg5+ Kxg5 53. Rg4+
Kh5 54. b4 Rc1 55. g3 Rc2+ 56. Kg1 hxg3 57. Rxg3 Rb2 58. Rg4 Rb3 59. Kg2 Kh6 60.
h4 Kh5 61. Rf4 Re3 62. Kf2 Re5 63. Kf3 Re1 64. Re4 Rd1 65. Ke3 Rd6 66. Rd4 Rg6
67. Kd3 1-0

[Event "PRO League Group Stage"]
[Site "chess.com INT"]
[Date "2018.02.03"]
[Round "4"]
[White "Gabuzyan, Hovhannes"]
[Black "Iturrizaga Bonelli, Eduardo"]
[Result "0-1"]
[WhiteTitle "GM"]
[BlackTitle "GM"]
[WhiteElo "2571"]
[BlackElo "2650"]
[WhiteTeam "Rio Grande Ospreys"]
[BlackTeam "Miami Champions"]
[WhiteFideId "13303732"]
[BlackFideId "3901211"]
[EventDate "2018.01.18"]

1. Nf3 c5 2. g3 g6 3. Bg2 Bg7 4. O-O Nc6 5. c3 d5 6. d4 cxd4 7. cxd4 e6 8. Nc3
Nge7 9. Bf4 O-O 10. Ne5 Qb6 11. Nxc6 Nxc6 12. Bd6 Rd8 13. Bc5 Qxb2 14. Qd3 b6
15. Rab1 Ba6 16. Qxa6 Qxc3 17. Rfc1 Qa5 18. Qxa5 Nxa5 19. Bb4 Bxd4 20. e4 dxe4
21. Bxe4 Rac8 22. Be7 Re8 23. Bg5 Kg7 24. Bd3 h6 25. Bf4 e5 26. Bd2 Nb7 27. Kf1
Nc5 28. Bb5 Red8 29. Bb4 Ne4 30. Rxc8 Rxc8 31. f3 Nf6 32. Bd3 Nd5 33. Be1 f5 34.
a3 Kf6 35. Rb5 Ke6 36. h4 Rc1 37. Rb1 Rc7 38. Bd2 Be3 39. Be1 g5 40. h5 Bd4 41.
g4 fxg4 42. fxg4 Ne3+ 43. Ke2 Nxg4 44. Bb4 Nf6 45. Rf1 e4 46. Bb1 Nxh5 47. Ba2+
Ke5 48. Rf8 Nf4+ 49. Kd1 e3 50. Bb1 e2+ 51. Kd2 e1=Q+ 52. Kxe1 Rc1+ 53. Kd2 Rxb1
54. Re8+ Kd5 0-1

[Event "PRO League Group Stage"]
[Site "chess.com INT"]
[Date "2018.02.03"]
[Round "4"]
[White "Gabuzyan, Hovhannes"]
[Black "Hansen, Eric"]
[Result "1/2-1/2"]
[WhiteTitle "GM"]
[BlackTitle "GM"]
[WhiteElo "2571"]
[BlackElo "2629"]
[WhiteTeam "Rio Grande Ospreys"]
[BlackTeam "Montreal Chessbrahs"]
[WhiteFideId "13303732"]
[BlackFideId "2606771"]
[EventDate "2018.01.18"]

1. Nf3 g6 2. g3 Bg7 3. Bg2 e5 4. c4 Ne7 5. O-O O-O 6. Nc3 Nbc6 7. Rb1 a5 8. d3
h6 9. e4 d6 10. Be3 f5 11. exf5 Nxf5 12. Qd2 Kh7 13. Ne4 Nce7 14. Rbe1 c6 15.
Nc3 Nxe3 16. fxe3 Be6 17. Ne4 Qd7 18. Qe2 b6 19. Nc3 Rae8 20. a3 d5 21. cxd5
cxd5 22. Nd2 Nf5 23. e4 Nd4 24. Qd1 Bg4 25. Qc1 Rxf1+ 26. Rxf1 dxe4 27. Ndxe4
Bf5 28. Qe3 Rf8 29. g4 Bxe4 30. Qxe4 Rxf1+ 31. Bxf1 Ne6 32. Nd5 Ng5 33. Qg2 Nh3+
34. Qxh3 Qxd5 35. Qg2 Qd4+ 36. Qf2 e4 37. Qxd4 Bxd4+ 38. Kg2 Bxb2 39. a4 e3 40.
Kf3 Bc1 41. d4 Kg7 42. h4 Kf6 43. Bd3 g5 44. hxg5+ hxg5 45. Ke4 Ke6 46. Be2 Kd6
47. Bb5 Bd2 48. Be2 1/2-1/2

[Event "PRO League Group Stage"]
[Site "chess.com INT"]
[Date "2018.02.03"]
[Round "4"]
[White "Gabuzyan, Hovhannes"]
[Black "Liang, Awonder"]
[Result "0-1"]
[WhiteTitle "GM"]
[BlackTitle "GM"]
[WhiteElo "2571"]
[BlackElo "2572"]
[WhiteTeam "Rio Grande Ospreys"]
[BlackTeam "Pittsburgh Pawngrabbers"]
[WhiteFideId "13303732"]
[BlackFideId "2056437"]
[EventDate "2018.01.18"]

1. Nf3 Nf6 2. g3 b6 3. Bg2 Bb7 4. O-O g6 5. d3 Bg7 6. e4 O-O 7. Nc3 c5 8. e5 Ne8
9. Re1 Nc7 10. h4 Nc6 11. h5 Ne6 12. Nd5 Rb8 13. c4 Nc7 14. hxg6 fxg6 15. Bg5 h6
16. Bd2 g5 17. Bc3 Ne6 18. Re4 Qe8 19. a3 Qg6 20. b4 Rf7 21. b5 Ncd4 22. Nxd4
cxd4 23. Bb4 Nc5 24. Bxc5 bxc5 25. Qe2 e6 26. Nc7 Rbf8 27. Rf1 h5 28. a4 Bxe4
29. Bxe4 Qh6 30. Bb7 g4 31. a5 Qg5 32. b6 axb6 33. a6 Bxe5 34. Nb5 h4 35. a7
hxg3 36. a8=Q Rxa8 37. Bxa8 Qh4 38. f3 Bf4 0-1

[Event "PRO League Group Stage"]
[Site "chess.com INT"]
[Date "2018.02.03"]
[Round "4"]
[White "Brown, Michael William"]
[Black "Bykhovsky, Anatoly"]
[Result "1/2-1/2"]
[WhiteTitle "IM"]
[BlackTitle "GM"]
[WhiteElo "2506"]
[BlackElo "2496"]
[WhiteTeam "San Diego Surfers"]
[BlackTeam "Montclair Sopranos"]
[WhiteFideId "2037602"]
[BlackFideId "2806991"]
[EventDate "2018.01.18"]

1. d4 Nf6 2. c4 g6 3. Nc3 d5 4. Bg5 Ne4 5. Bh4 Nxc3 6. bxc3 dxc4 7. e3 Be6 8.
Nh3 Bh6 9. Bg5 Bg7 10. Nf4 Bd5 11. Qa4+ c6 12. Qb4 Qd7 13. Bxc4 Bxc4 14. Qxc4
O-O 15. Nd3 Qg4 16. Bxe7 Re8 17. Bd6 Qxg2 18. O-O-O Nd7 19. Rhg1 Qe4 20. h3 Re6
21. Ba3 a5 22. Rg4 Qf5 23. Nf4 Ree8 24. Qd3 Qxd3 25. Nxd3 Nf6 26. Rg2 Ne4 27.
Kc2 b5 28. Rb1 Reb8 29. f3 Nf6 30. Bd6 Nd5 31. Re2 Rd8 32. Bc5 Re8 33. e4 Nc7
34. a4 b4 35. cxb4 Ne6 36. Kc3 Red8 37. e5 axb4+ 38. Rxb4 Nc7 39. Kc2 Nd5 40.
Rc4 Bh6 41. f4 Nxf4 42. Nxf4 Bxf4 43. Rf2 Be3 44. Rf3 Bg5 45. Rb4 Rd7 46. Kb3
Be7 47. Bxe7 Rxe7 48. Rc4 Rb7+ 49. Kc2 Rba7 50. Ra3 Kf8 51. Kd3 Ke7 52. Ke4 Kd7
53. Rac3 Rxa4 54. Rxc6 R8a7 55. Rd6+ Ke7 56. Rf3 Ke8 57. Rb3 Ke7 58. Rf3 Ke8 59.
Rb3 Ke7 60. Rf3 1/2-1/2

[Event "PRO League Group Stage"]
[Site "chess.com INT"]
[Date "2018.02.03"]
[Round "4"]
[White "Gabuzyan, Hovhannes"]
[Black "Shimanov, Aleksandr"]
[Result "1/2-1/2"]
[WhiteTitle "GM"]
[BlackTitle "GM"]
[WhiteElo "2571"]
[BlackElo "2641"]
[WhiteTeam "Rio Grande Ospreys"]
[BlackTeam "Webster Windmills"]
[WhiteFideId "13303732"]
[BlackFideId "4198603"]
[EventDate "2018.01.18"]

1. Nf3 Nf6 2. g3 d5 3. Bg2 e6 4. O-O Be7 5. c4 O-O 6. Qc2 c5 7. d4 b6 8. Rd1 Bb7
9. cxd5 exd5 10. Nc3 Na6 11. Bg5 Nc7 12. Rac1 c4 13. Ne5 b5 14. Qf5 Qc8 15. Qf3
a6 16. b3 Ra7 17. bxc4 dxc4 18. Nc6 Bxc6 19. Qxc6 Ne6 20. Qxc8 Rxc8 21. h4 h6
22. Bxf6 Bxf6 23. e3 Be7 24. Nd5 Ba3 25. Rc2 Rd8 26. Rb1 Nc7 27. Nf4 Ne6 28.
Nxe6 fxe6 29. Rc3 Be7 30. a4 bxa4 31. Rxc4 a3 32. Ra4 a5 33. Rb6 Kf7 34. Bh3 Rd6
35. Rb5 Rd5 36. Rb6 Rd6 37. Rb5 Rd5 38. Rb6 Rd6 1/2-1/2

[Event "PRO League Group Stage"]
[Site "chess.com INT"]
[Date "2018.02.03"]
[Round "4"]
[White "Molner, Mackenzie"]
[Black "Xu, Xiangyu"]
[Result "0-1"]
[WhiteTitle "GM"]
[BlackTitle "GM"]
[WhiteElo "2465"]
[BlackElo "2545"]
[WhiteTeam "Montclair Sopranos"]
[BlackTeam "Chengdu Pandas"]
[WhiteFideId "2021722"]
[BlackFideId "8608288"]
[EventDate "2018.01.18"]

1. e4 c5 2. Nf3 d6 3. d4 cxd4 4. Nxd4 Nf6 5. Nc3 Bd7 6. Bg5 e6 7. Qd2 a6 8. f3
h6 9. Be3 b5 10. O-O-O b4 11. Nce2 e5 12. Nf5 d5 13. Nfg3 Qa5 14. Kb1 Be6 15.
Nc1 Nc6 16. Nb3 Qc7 17. Bd3 d4 18. Bf2 a5 19. Bb5 a4 20. Nc1 Ra5 21. Bxc6+ Qxc6
22. Nd3 Bd6 23. f4 Nxe4 24. Nxe4 Qxe4 25. Nxe5 b3 26. Qxa5 bxc2+ 27. Ka1 cxd1=Q+
28. Rxd1 O-O 29. Qxa4 Ra8 0-1

[Event "PRO League Group Stage"]
[Site "chess.com INT"]
[Date "2018.02.03"]
[Round "4"]
[White "Ramirez, Alejandro"]
[Black "Xu, Xiangyu"]
[Result "1/2-1/2"]
[WhiteTitle "GM"]
[BlackTitle "GM"]
[WhiteElo "2568"]
[BlackElo "2545"]
[WhiteTeam "Saint Louis Arch Bishops"]
[BlackTeam "Chengdu Pandas"]
[WhiteFideId "6500617"]
[BlackFideId "8608288"]
[EventDate "2018.01.18"]

1. Nf3 d6 2. d4 f5 3. Bf4 Nf6 4. e3 g6 5. h3 Bg7 6. Be2 O-O 7. O-O e6 8. c4 Qe7
9. Nc3 b6 10. Bh2 Bb7 11. Nd2 e5 12. c5 Kh8 13. Nc4 Rd8 14. Qb3 exd4 15. cxd6
cxd6 16. exd4 Ne4 17. Rad1 Nc6 18. Nxe4 fxe4 19. d5 Nd4 20. Qe3 Nf5 21. Qa3 Nd4
22. Qe3 Nf5 23. Qd2 Nd4 24. Ne3 Rac8 25. Rfe1 Rc5 26. Bf1 Qg5 27. Kh1 Bxd5 28.
Qb4 Nc6 29. Qa4 Be6 30. Rxd6 Qe7 31. Red1 Rc8 32. Qxe4 Bg8 33. Qxe7 Nxe7 34. Rd7
Nc6 35. b3 Ne5 36. Re7 Nc6 37. Red7 a5 38. Bc4 Ne5 39. Bxe5 Rxe5 40. Rd8 Re8 41.
Rxe8 Rxe8 42. Rd6 Bh6 43. Rxb6 Bxe3 44. fxe3 Bxc4 45. bxc4 Rxe3 46. c5 Rc3 47.
c6 Kg7 48. Kh2 Rc2 49. a4 Rc4 50. Rb7+ Kh6 51. c7 Rc3 52. Ra7 g5 53. Kg1 Kh5 54.
Kf2 h6 55. Ke2 Kh4 56. Kf2 Rc2+ 57. Kf3 Rc3+ 58. Kf2 Rc2+ 59. Kf3 Rc3+ 1/2-1/2

[Event "PRO League Group Stage"]
[Site "chess.com INT"]
[Date "2018.02.03"]
[Round "4"]
[White "Ramirez, Alejandro"]
[Black "Bryant, John Daniel"]
[Result "0-1"]
[WhiteTitle "GM"]
[BlackTitle "IM"]
[WhiteElo "2568"]
[BlackElo "2437"]
[WhiteTeam "Saint Louis Arch Bishops"]
[BlackTeam "San Diego Surfers"]
[WhiteFideId "6500617"]
[BlackFideId "2031280"]
[EventDate "2018.01.18"]

1. Nf3 Nf6 2. c4 g6 3. Nc3 Bg7 4. g3 O-O 5. Bg2 d6 6. d4 Nbd7 7. O-O e5 8. b3
Re8 9. dxe5 dxe5 10. Bb2 e4 11. Ng5 h6 12. Nh3 c6 13. Qd6 Qa5 14. Rad1 Qf5 15.
Qf4 Qh5 16. Qc1 g5 17. f3 Ne5 18. Nf2 exf3 19. exf3 g4 20. fxg4 Nexg4 21. Nxg4
Nxg4 22. h3 Qc5+ 23. Kh1 Nf2+ 24. Kh2 Nxd1 25. Qxd1 Bf5 26. Na4 Qa5 27. Bxg7
Kxg7 28. b4 Qe5 29. Nc5 b6 30. Nd7 Bxd7 31. Qxd7 Qe6 32. Qd4+ f6 33. c5 Rad8 34.
Qc3 bxc5 35. bxc5 Rd7 36. Rf4 h5 37. h4 Red8 38. Rf2 Rd3 39. Qa5 Qe5 40. Rf4
R8d7 41. Bf3 Rd2+ 42. Kh3 Qe6+ 43. g4 Qe3 44. Qb4 Qg1 45. gxh5 Rh2# 0-1

[Event "PRO League Group Stage"]
[Site "chess.com INT"]
[Date "2018.02.03"]
[Round "4"]
[White "Molner, Mackenzie"]
[Black "Orlov, Georgi"]
[Result "1/2-1/2"]
[WhiteTitle "GM"]
[BlackTitle "IM"]
[WhiteElo "2465"]
[BlackElo "2481"]
[WhiteTeam "Montclair Sopranos"]
[BlackTeam "Seattle Sluggers"]
[WhiteFideId "2021722"]
[BlackFideId "2011271"]
[EventDate "2018.01.18"]

1. e4 e5 2. Nf3 Nc6 3. Bc4 Bc5 4. c3 Nf6 5. d3 a6 6. O-O d6 7. a4 O-O 8. Re1 Bb6
9. Bg5 h6 10. Bh4 g5 11. Bg3 Bg4 12. Nbd2 Qe7 13. h3 Bd7 14. d4 Rae8 15. dxe5
dxe5 16. Bd5 Nh5 17. Bh2 Nf4 18. Nc4 Qf6 19. Nxb6 cxb6 20. Bxf4 gxf4 21. Kh2 Kh8
22. Rg1 Rg8 23. Qb3 Nd8 24. Rad1 Bc8 25. c4 Rg6 26. Qc3 Kh7 27. b4 Qe7 28. Rc1
Nc6 29. b5 Nb4 30. Bxf7 Qxf7 31. Qxb4 Qe6 32. Qc3 Reg8 33. Nh4 Rg3 34. fxg3 Rxg3
35. Qxg3 fxg3+ 36. Kxg3 Qf6 37. Nf5 Qg5+ 38. Kh2 Bxf5 39. exf5 Qxf5 40. Rgf1 Qe6
41. Rfe1 Qf5 42. Rc3 Qf4+ 43. Kh1 Qd4 44. Rce3 Qxc4 45. Rxe5 Qxa4 46. Re7+ Kg6
47. R7e6+ Kg7 48. Rxb6 axb5 49. Rxb7+ Kf6 50. Rb6+ Kg5 51. Rb1 Qc2 52. R6xb5+
Kf4 53. R5b3 Ke4 54. Re1+ Kd4 55. Rbe3 Qf2 56. Re4+ Kd5 57. Re5+ Kd4 58. R1e4+
Kd3 59. Kh2 Qf7 60. Re3+ Kd4 61. R5e4+ Kd5 62. h4 Qf6 63. Kh3 Qf5+ 64. Kg3 Qg6+
65. Kf3 Qh5+ 66. Kf2 Qf7+ 67. Kg1 Qa7 68. Re5+ Kd4 69. h5 Qa1+ 70. Kh2 Kc4 71.
Kg3 Qa7 72. Re7 Qb8+ 73. Kg4 Qg8+ 74. Kh3 Qc8+ 75. g4 Kd4 76. R7e4+ Kd5 77. Kg3
Qc7+ 78. Kf3 Qc1 79. Re5+ Kd4 80. R5e4+ Kd5 81. Rd3+ Kc5 82. Red4 Qf1+ 83. Ke4
Qf6 84. Rd5+ Kc4 85. R3d4+ Kc3 86. Rc5+ Kb3 87. Rf5 Qe6+ 88. Kf4 Qe7 89. Rdd5
Kc4 90. Rde5 Qd6 91. g5 Qd2+ 92. Kg4 Qg2+ 93. Kf4 Qf2+ 94. Ke4 Qe2+ 95. Kf4 Qf2+
96. Ke4 Qe2+ 97. Kf4 Qf2+ 98. Ke4 Qe2+ 99. Kf4 1/2-1/2

[Event "PRO League Group Stage"]
[Site "chess.com INT"]
[Date "2018.02.03"]
[Round "4"]
[White "Molner, Mackenzie"]
[Black "Bryant, John Daniel"]
[Result "1-0"]
[WhiteTitle "GM"]
[BlackTitle "IM"]
[WhiteElo "2465"]
[BlackElo "2437"]
[WhiteTeam "Montclair Sopranos"]
[BlackTeam "San Diego Surfers"]
[WhiteFideId "2021722"]
[BlackFideId "2031280"]
[EventDate "2018.01.18"]

1. e4 e5 2. Nf3 Nc6 3. Bc4 Bc5 4. d3 Nf6 5. c3 a6 6. O-O d6 7. a4 h6 8. Re1 O-O
9. Nbd2 Ba7 10. Nf1 Re8 11. Ng3 Be6 12. Bxe6 Rxe6 13. d4 Re8 14. d5 Ng4 15. Re2
Ne7 16. h3 Nf6 17. Be3 Bxe3 18. Rxe3 a5 19. Nd2 Kh7 20. Nc4 Qd7 21. Qb3 b6 22.
Qb5 Qc8 23. Ree1 Nd7 24. Na3 Nc5 25. b4 axb4 26. cxb4 Nb3 27. Rab1 Nd4 28. Qc4
Rxa4 29. Nc2 Nxc2 30. Qxc2 Ra7 31. b5 Qd7 32. Rec1 Ng8 33. Nf5 Nf6 34. f3 Rea8
35. Rb3 g6 36. Ne3 Ne8 37. Rb2 Ra3 38. Qe2 Qd8 39. Kh2 1-0

[Event "PRO League Group Stage"]
[Site "chess.com INT"]
[Date "2018.02.03"]
[Round "4"]
[White "Molner, Mackenzie"]
[Black "Vazquez, Guillermo"]
[Result "0-1"]
[WhiteTitle "GM"]
[BlackTitle "IM"]
[WhiteElo "2465"]
[BlackElo "2436"]
[WhiteTeam "Montclair Sopranos"]
[BlackTeam "Rio Grande Ospreys"]
[WhiteFideId "2021722"]
[BlackFideId "3702308"]
[EventDate "2018.01.18"]

1. e4 c6 2. d4 d5 3. e5 Bf5 4. Nf3 e6 5. Be2 Ne7 6. O-O c5 7. c3 Nec6 8. dxc5
Bxc5 9. b4 Be7 10. b5 Na5 11. Nd4 Bg6 12. f4 O-O 13. Nd2 Nd7 14. N2b3 Nc4 15. a4
Rc8 16. Kh1 a6 17. Qe1 Bh4 18. g3 Be7 19. Bf3 Re8 20. Rf2 Bf8 21. h4 f6 22. h5
Bf7 23. Re2 fxe5 24. fxe5 Ndxe5 25. Rxe5 Nxe5 26. Qxe5 Bd6 27. Qe1 Qf6 28. g4 h6
29. Ba3 Bxa3 30. Rxa3 e5 31. Nf5 e4 32. Bg2 Rxc3 33. Nd6 Qxd6 0-1

[Event "PRO League Group Stage"]
[Site "chess.com INT"]
[Date "2018.02.03"]
[Round "4"]
[White "Grabinsky, Aaron"]
[Black "Sheng, Joshua"]
[Result "0-1"]
[BlackTitle "IM"]
[WhiteElo "2359"]
[BlackElo "2392"]
[WhiteTeam "Webster Windmills"]
[BlackTeam "San Diego Surfers"]
[WhiteFideId "2087090"]
[BlackFideId "2057360"]
[EventDate "2018.01.18"]

1. d4 d5 2. Bf4 c5 3. e3 Nc6 4. c3 Nf6 5. Nd2 Bf5 6. Ngf3 e6 7. Qb3 Qc8 8. Be2
Be7 9. O-O O-O 10. Nh4 Be4 11. f3 Bg6 12. Nxg6 hxg6 13. Bg3 Rd8 14. Rac1 Nh5 15.
Bf2 e5 16. dxc5 Bxc5 17. Rfd1 Qc7 18. Nf1 Nf6 19. Qa4 a6 20. b4 Ba7 21. b5 axb5
22. Qxb5 Qe7 23. Rb1 Rd7 24. a4 Bc5 25. Qb3 g5 26. h3 e4 27. Rd2 exf3 28. gxf3
Ne5 29. Rbd1 Rd6 30. Kg2 Ng6 31. c4 d4 32. Bg3 Rb6 33. Qc2 dxe3 34. Rd3 Nf4+ 35.
Bxf4 gxf4 36. Nh2 g6 37. Ng4 Nxg4 38. hxg4 Qh4 39. Rd5 Be7 40. g5 Bxg5 41. Rd6
Rxd6 42. Rxd6 Bf6 43. Bf1 Kg7 44. Kg1 Rh8 45. Qg2 Rh5 46. Rd5 Be5 47. Bd3 Rg5 0-1

[Event "PRO League Group Stage"]
[Site "chess.com INT"]
[Date "2018.02.03"]
[Round "4"]
[White "Fedoseev, Vladimir3"]
[Black "Sarana, Alexey"]
[Result "1/2-1/2"]
[WhiteTitle "GM"]
[BlackTitle "GM"]
[WhiteElo "2724"]
[BlackElo "2562"]
[WhiteTeam "Saint Louis Arch Bishops"]
[BlackTeam "Australia Kangaroos"]
[WhiteFideId "24130737"]
[BlackFideId "24133795"]
[EventDate "2018.01.18"]

1. d4 Nf6 2. c4 e6 3. Nc3 Bb4 4. Qc2 b6 5. a3 Bxc3+ 6. Qxc3 Bb7 7. f3 d5 8. Nh3
O-O 9. cxd5 Nxd5 10. Qc4 c5 11. e4 Nf6 12. dxc5 bxc5 13. Be3 Nbd7 14. Be2 a5 15.
Qc3 Ba6 16. Bxa6 Rxa6 17. O-O Qb8 18. Bf4 Qb7 19. Nf2 Rc8 20. Rad1 Rb6 21. Bc1
a4 22. Qc4 Qa6 23. Qxa6 Rxa6 24. Bd2 Ne5 25. Bc3 Nc4 26. Rfe1 Rb6 27. Nd3 Kf8
28. Rc1 Rb3 29. Bxf6 gxf6 30. Rxc4 Rxd3 31. Re2 Rd1+ 32. Kf2 Rd4 33. Rec2 Rxc4
34. Rxc4 Rb8 35. Rc2 Ke7 36. Ke3 Kd6 37. Kd2 Rb3 38. Kc1 Kc6 39. Rc4 Kb5 40. Rc3
Rxc3+ 41. bxc3 Kc4 42. Kc2 f5 43. g4 f4 44. g5 Kb5 45. Kd3 e5 46. h4 c4+ 47. Ke2
Kc6 48. Kf2 Kd7 49. Kg2 Ke6 50. h5 f6 51. g6 hxg6 52. hxg6 Ke7 53. Kh3 Ke8 54.
Kh4 Kf8 55. Kg4 Kg8 56. Kh4 Kf8 1/2-1/2

[Event "PRO League Group Stage"]
[Site "chess.com INT"]
[Date "2018.02.03"]
[Round "4"]
[White "Fedoseev, Vladimir3"]
[Black "Friedel, Joshua"]
[Result "0-1"]
[WhiteTitle "GM"]
[BlackTitle "GM"]
[WhiteElo "2724"]
[BlackElo "2562"]
[WhiteTeam "Saint Louis Arch Bishops"]
[BlackTeam "Las Vegas Desert Rats"]
[WhiteFideId "24130737"]
[BlackFideId "2017199"]
[EventDate "2018.01.18"]

1. Nf3 Nf6 2. c4 e6 3. Nc3 d5 4. d4 Be7 5. Bf4 O-O 6. e3 b6 7. cxd5 Nxd5 8. Nxd5
exd5 9. Bd3 c5 10. O-O c4 11. Bb1 Nc6 12. b3 Be6 13. bxc4 dxc4 14. Qa4 Qd7 15.
Qb5 f5 16. Rc1 Qd5 17. a4 Na5 18. Ba2 Qxb5 19. axb5 a6 20. bxa6 b5 21. Rab1 b4
22. Bc7 b3 23. Bxa5 bxa2 24. Ra1 Rxa6 25. Bc3 Rb8 26. Nd2 Ra3 27. Rc2 Bb4 28.
Bxb4 Rxb4 29. Rcc1 c3 30. Nf3 Bd5 31. Ne1 Be4 32. f3 Rb1 33. fxe4 Rxc1 34. Rxc1
a1=Q 35. Rxa1 Rxa1 36. Kf2 Ra2+ 37. Kf3 fxe4+ 38. Kxe4 c2 0-1

[Event "PRO League Group Stage"]
[Site "chess.com INT"]
[Date "2018.02.03"]
[Round "4"]
[White "Fedoseev, Vladimir3"]
[Black "Mamedov, Rauf"]
[Result "0-1"]
[WhiteTitle "GM"]
[BlackTitle "GM"]
[WhiteElo "2724"]
[BlackElo "2709"]
[WhiteTeam "Saint Louis Arch Bishops"]
[BlackTeam "San Jose Hackers"]
[WhiteFideId "24130737"]
[BlackFideId "13401653"]
[EventDate "2018.01.18"]

1. e4 c5 2. Nf3 d6 3. Bb5+ Nc6 4. O-O Bd7 5. Re1 Nf6 6. c3 a6 7. Bf1 Bg4 8. h3
Bxf3 9. Qxf3 g6 10. Na3 Bg7 11. Nc2 Nd7 12. Qd1 O-O 13. b3 Rc8 14. d4 cxd4 15.
cxd4 Qb6 16. Be3 Nb4 17. Nxb4 Qxb4 18. a3 Qb6 19. Qd3 Qa5 20. b4 Qa4 21. Rac1
Nb8 22. Be2 Nc6 23. Bg4 e6 24. f4 h5 25. Bd1 Qb5 26. Qxb5 axb5 27. e5 Ra8 28.
Rc3 Rfd8 29. Be2 Ne7 30. Bf2 dxe5 31. fxe5 Nd5 32. Rf3 Rdc8 33. Bxb5 Rc3 34.
Rxc3 Nxc3 35. a4 Bf8 36. d5 Nxd5 37. Bc5 Nxb4 38. Bxf8 Kxf8 39. Rc1 Nd5 40. Kf2
Nb6 41. Ra1 Nc8 42. Rd1 Nb6 43. Ra1 Ke7 44. Ke3 Rc8 45. Bd3 Rc5 46. Kd4 Rd5+ 47.
Ke4 Nd7 48. Bb5 Rxe5+ 49. Kf3 Nc5 50. Rc1 Rd5 51. g4 h4 52. a5 Nb3 53. Rc7+ Kd8
54. Rxb7 Rxb5 55. Rxb5 Nd4+ 56. Kf4 Nxb5 57. Kg5 e5 58. Kxh4 Ke7 59. Kg3 f5 60.
h4 Kf6 0-1

[Event "PRO League Group Stage"]
[Site "chess.com INT"]
[Date "2018.02.03"]
[Round "4"]
[White "Blit, Jacques"]
[Black "Breckenridge, Steven"]
[Result "1-0"]
[WhiteTitle "IM"]
[BlackTitle "FM"]
[WhiteElo "2374"]
[BlackElo "2312"]
[WhiteTeam "Buenos Aires Krakens"]
[BlackTeam "Dallas Destiny"]
[WhiteFideId "114839"]
[BlackFideId "2043700"]
[EventDate "2018.01.18"]

1. e4 e5 2. Nf3 Nc6 3. Bc4 Nf6 4. d3 Bc5 5. O-O a6 6. a4 Ba7 7. c3 b5 8. Bb3 h6
9. Re1 O-O 10. d4 d6 11. h3 exd4 12. cxd4 Re8 13. axb5 axb5 14. Nc3 Bb7 15. Nxb5
Bb6 16. Rxa8 Bxa8 17. Nc3 Na5 18. Bc2 c5 19. e5 Bxf3 20. gxf3 cxd4 21. exf6
Rxe1+ 22. Qxe1 dxc3 23. b4 Nc4 24. Qe4 g6 25. Qxc4 Qxf6 26. Be3 Bxe3 27. fxe3
Qxf3 28. Qxc3 Qg3+ 29. Kf1 Qxh3+ 30. Ke1 Qh1+ 31. Kd2 Qg2+ 32. Kc1 h5 33. Bb3
Qf1+ 34. Kb2 Qe2+ 35. Ka3 Qa6+ 36. Kb2 Qe2+ 37. Ka1 h4 38. Qf6 Qe1+ 39. Kb2 Qd2+
40. Ka3 Qc1+ 41. Ka4 Qc6+ 42. b5 Qe4+ 43. Ka5 d5 44. Qd8+ Kg7 45. Qxd5 Qxe3 46.
Qxf7+ Kh6 47. b6 Qc5+ 48. Ka6 Qa3+ 49. Kb5 h3 50. b7 Qd6 51. Qg8 Qe5+ 52. Bd5 h2
53. b8=Q h1=Q 54. Qh8+ 1-0